[Event "Nationale Pupillendag 2014"]
[Site "Roosendaal"]
[Date "2014.06.21"]
[Round "7.8"]
[White "Mellegers, Cat F08: Luuk"]
[Black "Bleeker, Kasper"]
[Result "0-1"]
[WhiteElo "463"]
[BlackElo "720"]
[PlyCount "56"]
[EventDate "2014.??.??"]
[WhiteClock "0:16:15"]
[BlackClock "0:16:29"]

1. d4 d5 2. c4 dxc4 3. e3 Nf6 4. Bxc4 e5 5. Nc3 Nc6 6. Nge2 Bb4 7. O-O O-O 8.
a3 Bxc3 9. bxc3 Bf5 10. h3 Qd6 11. Rb1 Bxb1 12. dxe5 Qxd1 13. Rxd1 Nxe5 14. Bb3
Rad8 15. Nd4 c5 16. Nf5 Rxd1+ 17. Bxd1 Bxf5 18. g4 Rd8 19. Bb3 Be6 20. f4 Nf3+
21. Kf2 Bxb3 22. Kxf3 Rd1 23. Bb2 Nd5 24. c4 Bxc4 25. h4 Rd3 26. g5 Rxe3+ 27.
Kg4 Be2+ 28. Kf5 g6# {Bc1 [%clk 0:16:15]} 0-1

[Event "Nationale Pupillendag 2014"]
[Site "Roosendaal"]
[Date "2014.06.21"]
[Round "7.9"]
[White "Beukema, Cat F09: Constantij"]
[Black "Allaart, Janne"]
[Result "1-0"]
[WhiteElo "922"]
[BlackElo "615"]
[PlyCount "113"]
[EventDate "2014.??.??"]
[WhiteClock "0:14:15"]
[BlackClock "0:12:33"]

1. e4 e5 2. Nf3 Nc6 3. d4 exd4 4. Nxd4 Bc5 5. Be3 Nxd4 6. Bxd4 Bb6 7. Nc3 Nf6
8. Bxb6 axb6 9. Bd3 d6 10. O-O O-O 11. h3 h6 12. Re1 Re8 13. Nd5 Nxd5 14. exd5
Rxe1+ 15. Qxe1 Bd7 16. Qe4 g6 17. Qf3 Qe7 18. Qg3 Qf6 19. c3 Bf5 20. a3 Bxd3
21. Qxd3 Re8 22. Qb5 Qe5 23. f4 Qe3+ 24. Kh1 Re4 25. Qd7 Qxf4 26. Qd8+ Kg7 27.
Qxc7 Qf2 28. Qxd6 Re1+ 29. Rxe1 Qxe1+ 30. Kh2 Qf2 31. Qe5+ Qf6 32. Qxf6+ Kxf6
33. Kg3 Ke5 34. c4 b5 35. b3 f6 36. Kf3 b6 37. g4 g5 38. Ke3 Kd6 39. Kd4 bxc4
40. bxc4 Kd7 41. Ke4 Kd6 42. Kd4 Kd7 43. c5 bxc5+ 44. Kxc5 Kc7 45. a4 f5 46.
gxf5 h5 47. f6 Kd8 48. a5 g4 49. hxg4 h4 50. a6 h3 51. a7 h2 52. a8=Q+ Kd7 53.
d6 h1=Q 54. Qxh1 Ke8 55. Qe4+ Kf7 56. Qe7+ Kg6 57. Qg7# 1-0

[Event "Nationale Pupillendag 2014"]
[Site "Roosendaal"]
[Date "2014.06.21"]
[Round "7.10"]
[White "Tiggelman, Cat F10: Vincent"]
[Black "Broeders, Thijs"]
[Result "1/2-1/2"]
[WhiteElo "409"]
[BlackElo "464"]
[PlyCount "138"]
[EventDate "2014.??.??"]
[WhiteClock "0:13:29"]
[BlackClock "0:12:20"]

1. e4 e5 2. Bc4 Nf6 3. Nc3 Nc6 4. Nf3 Bb4 5. a3 Bxc3 6. dxc3 Nxe4 7. Bg5 Nxg5
8. Nxg5 Qxg5 9. O-O O-O 10. Bd3 d6 11. Qf3 Bg4 12. Qg3 Qh5 13. h3 Bf5 14. Bxf5
Qxf5 15. Rae1 g6 16. Re3 Qf4 17. Qxf4 exf4 18. Re4 Ne5 19. Rxf4 g5 20. Rf5 Kh8
21. Rxg5 Rg8 22. Rh5 Nf3+ 23. Kh1 Rg7 24. gxf3 Re8 25. b4 f6 26. a4 Rge7 27.
Kg2 Rg7+ 28. Kh1 Rge7 29. Kg1 Re1 30. a5 Rxf1+ 31. Kxf1 b6 32. axb6 cxb6 33. b5
Re5 34. Rxe5 fxe5 35. Ke2 Kg7 36. Ke3 Kf6 37. Ke4 Ke6 38. c4 h5 39. h4 Kf6 40.
f4 exf4 41. Kxf4 Ke6 42. Ke4 Kd7 43. f4 Ke7 44. f5 Kf6 45. Kd5 Kxf5 46. Kxd6
Kg4 47. Kd5 Kxh4 48. Ke4 Kg4 49. Ke3 Kg3 50. Ke2 h4 51. Kf1 h3 52. Kg1 Kg4 53.
Kh2 Kh4 54. c3 Kg4 55. Kh1 Kf4 56. Kh2 Ke3 57. Kxh3 Kd3 58. c5 bxc5 59. Kg2
Kxc3 60. Kf2 Kb4 61. Ke2 Kxb5 62. Kd3 a5 63. Kc3 c4 64. Kb2 a4 65. Ka3 c3 66.
Ka2 Kb4 67. Kb1 a3 68. Ka1 c2 69. Ka2 c1=Q 1/2-1/2

[Event "Nationale Pupillendag 2014"]
[Site "Roosendaal"]
[Date "2014.06.21"]
[Round "7.11"]
[White "De Bok, Cat F11: Jasper"]
[Black "Schouwenaars, Hein"]
[Result "0-1"]
[WhiteElo "230"]
[BlackElo "749"]
[PlyCount "38"]
[EventDate "2014.??.??"]
[WhiteClock "0:09:49"]
[BlackClock "0:11:56"]

1. e4 e5 2. Nf3 Nc6 3. Bc4 Bc5 4. Nxe5 Nxe5 5. d4 Nxc4 6. dxc5 Ne5 7. Qd4 f6 8.
O-O Qe7 9. f4 Nc6 10. Qd1 d6 11. cxd6 cxd6 12. Re1 Qd8 13. e5 fxe5 14. fxe5
dxe5 15. Qf3 Nf6 16. Qg3 Nd4 17. Rxe5+ {O-O [%clk 0:16:45] Qf2 [%clk 0:15:15]
Ng4 [%clk 0:16:34] Bg5 [%clk 0:14:47] Qd6 [%clk 0:15:51] Be7 [%clk 0:13:52]
Nxf2 [%clk 0:15:15] Bxd6 Rd8 Bc5 [%clk 0:12:38] Nc6 [%clk 0:14:43] Re1 [%clk 0:
12:15] Ng4 [%clk 0:14:34] Nc3 [%clk 0:12:07] Nf6 [%clk 0:14:10] Be7 [%clk 0:11:
49] Re8 [%clk 0:13:39] Bxf6 [%clk 0:11:33] Rxe1+ [%clk 0:13:37] Rxe1 [%clk 0:
11:30] gxf6 Re8+ [%clk 0:11:19]} Kf7 18. Re1 Bf5 {Nb5 Bxc2 [%clk 0:13:18] Nd6+
[%clk 0:10:48] Kf8 [%clk 0:13:03] Nxb7 [%clk 0:10:40] Rb8 [%clk 0:12:52] Nc5 
[%clk 0:10:31] Rxb2 [%clk 0:12:33] Nd7+ [%clk 0:10:03] Kf7 [%clk 0:12:28]} 19.
Re2 {Rxa2 [%clk 0:12:10] Nc5 [%clk 0:09:40] Ra1+ [%clk 0:12:02] Kf2 [%clk 0:09:
38]} Bg6 {Rc2 [%clk 0:09:33] Bxc2 [%clk 0:11:49] g4 [%clk 0:09:01] Ra2 [%clk 0:
11:39] Ke3 [%clk 0:08:46] Bg6 [%clk 0:11:29] Ne4 [%clk 0:08:20] Bxe4 [%clk 0:
11:25] Kxe4 [%clk 0:08:16] Ra4+ [%clk 0:11:23] Kf5 [%clk 0:08:14] Ne7# [%clk 0:
11:19]} 0-1

[Event "Nationale Pupillendag 2014"]
[Site "Roosendaal"]
[Date "2014.06.21"]
[Round "7.12"]
[White "Pols, Cat F12: Lennart"]
[Black "Van der Noordaa, Joost"]
[Result "1-0"]
[WhiteElo "563"]
[BlackElo "375"]
[PlyCount "134"]
[EventDate "2014.??.??"]
[WhiteClock "0:14:35"]
[BlackClock "0:15:40"]

1. e4 e5 2. Nf3 Nc6 3. d4 Nxd4 4. Nxd4 exd4 5. Qxd4 b6 6. Qd5 c6 7. Qe5+ Qe7 8.
Qxe7+ Nxe7 9. Bc4 g6 10. Nc3 Bg7 11. Bd2 O-O 12. O-O-O b5 13. Be2 b4 14. Nb1 a5
15. Be3 Re8 16. f3 f5 17. Rd3 Ba6 18. Rd2 Bb7 19. exf5 Nxf5 20. Bf4 h6 21. Bc4+
Kh7 22. Rxd7 Bc8 23. Rc7 Kh8 24. Rxc6 Bd7 25. Rc5 a4 26. Nd2 Bd4 27. Rc7 Be6
28. Bxe6 Rxe6 29. Rc4 Rae8 30. Ne4 g5 31. Bg3 h5 32. h3 h4 33. Be1 Be3+ 34. Kb1
Rd8 35. c3 Rd1+ 36. Kc2 Rd8 37. Rxb4 Ng3 38. Bxg3 hxg3 39. Nxg3 Rd2+ 40. Kc1
Rd4+ 41. Kb1 Rxb4 42. cxb4 Bf4 43. Ne4 Kg7 44. h4 Kg6 45. hxg5 Kf5 46. Rh6 Rxh6
47. gxh6 Bxh6 48. b5 Ke6 49. g4 Kd7 50. g5 Bxg5 51. Nxg5 Kc7 52. f4 Kb6 53. f5
Kxb5 54. f6 Kb4 55. f7 a3 56. bxa3+ Kxa3 57. f8=Q+ Ka4 58. Qa8+ Kb4 59. Qc6 Ka3
60. Qc5+ Ka4 61. Qc4+ Ka5 62. Qb3 Ka6 63. Qb4 Ka7 64. Qb5 Ka8 65. Kc2 Ka7 66.
Kc3 Ka8 67. Kc4 Ka7 1-0

[Event "Nationale Pupillendag 2014"]
[Site "Roosendaal"]
[Date "2014.06.21"]
[Round "7.13"]
[White "Bruggink, Cat G01: Lyne"]
[Black "Molanus, Florian"]
[Result "1-0"]
[WhiteElo "531"]
[BlackElo "530"]
[PlyCount "57"]
[EventDate "2014.??.??"]
[WhiteClock "0:14:51"]
[BlackClock "0:14:25"]

1. e4 e5 2. Nf3 Nc6 3. Bc4 Nf6 4. Nc3 Bc5 5. d3 h6 6. Bd2 O-O 7. Nh4 Ng4 8.
Qxg4 d5 9. Qg3 g5 10. Nf5 Bxf5 11. exf5 dxc4 12. Qh3 Qd4 13. O-O-O Kg7 14. Ne4
cxd3 15. Nxg5 Ba3 16. c3 Bxb2+ 17. Kxb2 Qb6+ 18. Kc1 hxg5 19. Bxg5 Na5 20. f6+
Kg6 21. Qh6+ Kf5 22. g4+ Kxg4 23. Rhg1+ Kf5 24. Qh7+ Ke6 25. Qh3+ Kd5 26. Rxd3+
Kc4 27. Qg4+ Kxd3 28. Rg3+ Qe3+ 29. Rxe3# 1-0

[Event "Nationale Pupillendag 2014"]
[Site "Roosendaal"]
[Date "2014.06.21"]
[Round "7.14"]
[White "Tjong tjin Joe, Cat G02: Wesley"]
[Black "Tran, Kimmily"]
[Result "1-0"]
[WhiteElo "735"]
[BlackElo "506"]
[PlyCount "113"]
[EventDate "2014.??.??"]
[WhiteClock "0:14:51"]
[BlackClock "0:13:16"]

1. e4 e5 2. Nf3 Nc6 3. Bc4 Bc5 4. Nc3 Nf6 5. d3 h6 6. O-O O-O 7. Be3 Nd4 8. Nd5
d6 9. h3 Be6 10. c3 Nxf3+ 11. Qxf3 Bxe3 12. Nxf6+ Qxf6 13. Qxf6 gxf6 14. Bxe6
Bxf2+ 15. Rxf2 fxe6 16. Raf1 Kg7 17. Rf3 Rf7 18. Rg3+ Kh8 19. Rg6 Kh7 20. Rgxf6
Rg7 21. Rf7 Rag8 22. Rxg7+ Rxg7 23. Rf6 Re7 24. Kh2 c5 25. Kg3 d5 26. exd5 exd5
27. Kh4 e4 28. Rf2 e3 29. Re2 Kg6 30. d4 c4 31. Kg4 Re4+ 32. Kf3 Kg5 33. Rxe3
Rf4+ 34. Kg3 h5 35. Re5+ Rf5 36. h4+ Kf6 37. Rxf5+ Kxf5 38. Kf3 b5 39. b4 a6
40. a3 Kg6 41. Kf4 Kf6 42. g3 Kg6 43. g4 hxg4 44. Kxg4 Kh6 45. h5 Kg7 46. Kg5
Kh7 47. h6 Kg8 48. Kg6 Kh8 49. Kf6 Kh7 50. Ke5 Kxh6 51. Kxd5 Kg7 52. Kc5 Kf7
53. Kb6 Ke7 54. Kxa6 Kd7 55. Kxb5 Kc7 56. Kxc4 Kc6 57. b5+ 1-0

[Event "Nationale Pupillendag 2014"]
[Site "Roosendaal"]
[Date "2014.06.21"]
[Round "7.15"]
[White "Van Hagen, Cat G03: Fabiënne"]
[Black "Sturm, Laurens"]
[Result "0-1"]
[WhiteElo "160"]
[BlackElo "362"]
[PlyCount "40"]
[EventDate "2014.??.??"]
[WhiteClock "0:15:00"]
[BlackClock "0:14:33"]

1. e4 e5 2. Nf3 Nc6 3. Bc4 Bc5 4. d3 Nf6 5. Ng5 O-O 6. O-O d6 7. Nc3 Qe7 8. Qf3
Bg4 9. Qg3 Be6 10. Qh4 h6 11. Nxe6 fxe6 12. Bd2 d5 13. exd5 exd5 14. Bxd5+ {
Nd4 [%clk 0:18:56] Bxb7 [%clk 0:18:20] Rab8 [%clk 0:18:55] Bd5+} Kh8 15. Be4 {
Nxc2 [%clk 0:18:47] Rac1 [%clk 0:17:44] Rxb2 [%clk 0:18:44]} Nd5 {Qd6 [%clk 0:
18:36] Nxf6 [%clk 0:17:15]} 16. Qf6 Qxf6 {Rxf6 [%clk 0:18:30] Bc3 [%clk 0:17:
06] Rxa2 [%clk 0:18:17] Bxe5 [%clk 0:16:56] Rf7 [%clk 0:18:12] Rb1 [%clk 0:16:
40] Nd4 [%clk 0:18:07] Rb8+ [%clk 0:16:29] Rf8 [%clk 0:17:48] Rxf8+ [%clk 0:16:
22] Bxf8 [%clk 0:17:47] Bxd4 [%clk 0:16:19] Ra4 [%clk 0:17:42] Be5 [%clk 0:16:
11] Ra5 [%clk 0:17:37] Bxc7 [%clk 0:16:08] Rc5 [%clk 0:17:28] Bb8 [%clk 0:16:
00] a5 [%clk 0:17:23] Ba7 [%clk 0:15:55] Rc7 [%clk 0:17:11] Bb6 [%clk 0:15:53]
Rc8 [%clk 0:17:03] Bxa5 [%clk 0:15:50] Rb8 [%clk 0:16:53] Bc7 [%clk 0:15:45]
Rb5 [%clk 0:16:48] Bc6 [%clk 0:15:38] Rc5 [%clk 0:16:43] Be4 [%clk 0:15:33]
Rxc7 [%clk 0:16:42] Rd1 [%clk 0:15:23] Bc5 [%clk 0:16:26]} 17. h3 Kg8 {Rb1 
[%clk 0:15:14] Ba7 [%clk 0:16:12]} 18. g3 {Rc8 [%clk 0:15:54] Bf5 [%clk 0:14:
55] Rb8 [%clk 0:15:52] Rxb8+ [%clk 0:14:49] Bxb8 [%clk 0:15:50] d4 [%clk 0:14:
47]} Kf7 {d5 [%clk 0:14:46] Kf6 [%clk 0:15:44] Be6 [%clk 0:14:40] g5 [%clk 0:
15:40] d6 [%clk 0:14:36] Bxd6 [%clk 0:15:39] Bc4 [%clk 0:14:31] h5 [%clk 0:15:
31]} 19. g4 {hxg4 [%clk 0:15:29] hxg4 [%clk 0:14:21] Ke5 [%clk 0:15:24] Kg2 
[%clk 0:14:17] Bc7 [%clk 0:15:19] Kg3 [%clk 0:14:13] Kd4+ [%clk 0:15:18] Kh3 
[%clk 0:14:07] Kxc4 [%clk 0:15:16] f3 [%clk 0:14:06] Kd5 [%clk 0:15:14] Kg3 
[%clk 0:14:04]} Ke6 {f4 gxf4+ [%clk 0:15:10] Kf3 [%clk 0:13:53] Kf6 [%clk 0:15:
08] Ke4 [%clk 0:13:42] Kg5 [%clk 0:15:06] Kf3 [%clk 0:13:38] Bb8 [%clk 0:15:04]
Ke4 [%clk 0:13:33] Kxg4 [%clk 0:15:03] Kd3 [%clk 0:13:30] Kg3 [%clk 0:15:02]
Ke2 [%clk 0:13:29]} 20. Kg2 {Ke1 [%clk 0:13:25] f3 [%clk 0:14:59] Kd2 [%clk 0:
13:17] f2 [%clk 0:14:58] Ke2 [%clk 0:13:12] f1=Q+ [%clk 0:14:54] Ke3 [%clk 0:
13:11] Kg3 [%clk 0:14:52] Kd4 [%clk 0:13:08] Qe2 [%clk 0:14:51] Kd5 [%clk 0:13:
05] Qe3 [%clk 0:14:50] Kc4 [%clk 0:13:02] Qd2 [%clk 0:14:48] Kc5 [%clk 0:13:01]
Qd3 [%clk 0:14:47] Kc6 [%clk 0:12:58] Qd4 [%clk 0:14:46] Kb7 [%clk 0:12:54]
Bf4 [%clk 0:14:45] Kc6 [%clk 0:12:51] Bg5 [%clk 0:14:43] Kb5 [%clk 0:12:45]
Qc3 Kb6 [%clk 0:12:43] Qc4 [%clk 0:14:41] Kb7 [%clk 0:12:40] Qc5 [%clk 0:14:40]
Kb8 [%clk 0:12:38] Qc6 [%clk 0:14:39] Ka7 [%clk 0:12:35] Qb5 [%clk 0:14:38]
Ka8 [%clk 0:12:31] Kf4 [%clk 0:14:35] Ka7 [%clk 0:12:29] Ke5 [%clk 0:14:34]
Ka8 [%clk 0:12:27]} Kd6 {Ka7 [%clk 0:12:25] Kc7 [%clk 0:14:33] Ka8 [%clk 0:12:
21] Qb7# [%clk 0:14:31]} 0-1

[Event "Nationale Pupillendag 2014"]
[Site "Roosendaal"]
[Date "2014.06.21"]
[Round "7.16"]
[White "Rutten, Cat G04: Alexander"]
[Black "Warnaar, Tim"]
[Result "1-0"]
[WhiteElo "434"]
[BlackElo "424"]
[PlyCount "84"]
[EventDate "2014.??.??"]
[WhiteClock "0:15:45"]
[BlackClock "0:16:19"]

1. e4 e5 2. Nf3 Nc6 3. Nc3 Nf6 4. Bb5 d6 5. Bxc6+ bxc6 6. d3 d5 7. Nxe5 dxe4 8.
dxe4 Qxd1+ 9. Kxd1 Bg4+ 10. f3 Bh5 11. Nxc6 Bc5 12. Na5 O-O-O+ 13. Bd2 Be3 14.
Nc4 Bd4 15. Ke2 Bxc3 16. Bxc3 Rhe8 17. Rad1 Rxd1 18. Rxd1 a6 19. Ne3 g5 20. g4
Bg6 21. Bxf6 a5 22. Bxg5 Re5 23. Bf4 Rc5 24. Bg3 Rb5 25. b3 a4 26. bxa4 Ra5 27.
Rd4 c5 28. Rc4 f6 29. Bd6 Bf7 30. Rxc5+ Rxc5 31. Bxc5 Bxa2 32. Be7 Be6 33. a5
Kb7 34. Bb4 Ka6 35. Nd5 Kb5 36. Bd2 Ka6 37. Nc7+ Kb7 38. Nxe6 Ka7 39. Be3+ Ka6
40. Bb6 Kb7 41. Nc5+ Kc6 42. Ne6 Kb7 1-0

[Event "Nationale Pupillendag 2014"]
[Site "Roosendaal"]
[Date "2014.06.21"]
[Round "7.17"]
[White "Lindenaar, Cat G05: Micha"]
[Black "Harchaoui, Amin"]
[Result "0-1"]
[WhiteElo "285"]
[BlackElo "539"]
[PlyCount "60"]
[EventDate "2014.??.??"]
[WhiteClock "0:16:38"]
[BlackClock "0:15:50"]

1. e4 e5 2. Nf3 Nc6 3. Bc4 Nf6 4. Nc3 d6 5. d3 Be7 6. O-O O-O 7. Ng5 Bg4 8. Qd2
h6 9. Nxf7 Rxf7 10. Bxf7+ Kxf7 11. Qe1 Nd4 12. Be3 Nxc2 13. Qc1 Nxa1 14. Qxa1
Kg8 15. Nb5 a6 16. Na7 c5 17. d4 exd4 18. Bf4 Nh5 19. Qc1 Nxf4 20. Qxf4 Bd7 21.
Nb5 Bxb5 22. Rd1 Qa5 23. b3 Be2 24. Rc1 Bg5 25. Qg3 Bxc1 26. h3 Qe1+ 27. Kh2
Rf8 28. Qxd6 Qxf2 29. Qg6 Bf4+ 30. Kh1 Qf1# 0-1

[Event "Nationale Pupillendag 2014"]
[Site "Roosendaal"]
[Date "2014.06.21"]
[Round "7.20"]
[White "Dusebout, Cat G08: Marnix"]
[Black "Mang, Dalya"]
[Result "1-0"]
[WhiteElo "228"]
[BlackElo "311"]
[PlyCount "85"]
[EventDate "2014.??.??"]
[WhiteClock "0:16:39"]
[BlackClock "0:10:38"]

1. e4 e5 2. Bc4 Nf6 3. Nc3 Nc6 4. Nf3 Bc5 5. d3 O-O 6. Bg5 d6 7. Bxf6 Qxf6 8.
O-O Bg4 9. Bd5 Bxf3 10. Qxf3 Qg6 11. Bxc6 bxc6 12. Na4 Bd4 13. c3 Bc5 14. Nxc5
dxc5 15. Qg3 Qxg3 16. hxg3 Rae8 17. Rfe1 Re6 18. Re3 h6 19. f3 Rfe8 20. Rae1
Rg6 21. Kf2 Ree6 22. a3 a5 23. b3 Rg5 24. f4 exf4 25. gxf4 Rh5 26. f5 g6 27.
fxe6 fxe6 28. Rh3 Rxh3 29. gxh3 h5 30. Rg1 Kf7 31. Kf3 Kf6 32. Kf4 Kf7 33. Ke5
Kg7 34. Kxe6 Kf8 35. Rf1+ Ke8 36. Rf7 h4 37. Rh7 Kf8 38. Rf7+ Kg8 39. Ke7 Kh8
40. Rf8+ Kg7 41. Rf7+ Kh6 42. Kf6 Kh5 43. Rh7# 1-0

[Event "Nationale Pupillendag 2014"]
[Site "Roosendaal"]
[Date "2014.06.21"]
[Round "7.22"]
[White "Kutchoukov, Cat H02: Thomas"]
[Black "Jonkman, Amelia"]
[Result "1-0"]
[WhiteElo "503"]
[BlackElo "493"]
[PlyCount "29"]
[EventDate "2014.??.??"]
[WhiteClock "0:19:09"]
[BlackClock "0:16:48"]

1. e4 c5 2. Nf3 Nc6 3. d4 cxd4 4. Nxd4 e5 5. Nf3 Nf6 6. Nc3 Bb4 7. a3 Ba5 8. b4
Bb6 9. Bg5 O-O 10. Nd5 Nd4 11. Nxf6+ gxf6 12. Bh6 Re8 13. Nxd4 Bxd4 14. Qg4+
Kh8 15. Qg7# 1-0